| 000 | 00698nam a22002177a 4500 | ||
|---|---|---|---|
| 005 | 20170124105939.0 | ||
| 010 | _aB-219643 | ||
| 020 |
_c550.00 _a8174453326 |
||
| 035 | _aB-219643 | ||
| 037 | _bCen Lib/Ret | ||
| 040 |
_aDPL _bEN |
||
| 082 |
_a338.4791 _bAGG |
||
| 100 |
_aAggarwal, Prateek A. _910849 |
||
| 245 |
_aTourism and economic growth and development / _cby Prateek A. Aggarwal |
||
| 260 |
_aNew Delhi _bMohit Publication _c2005 |
||
| 270 |
_a4675/21 Ansari Road _bNew Delhi _e110002 |
||
| 300 |
_a251p. : _c23cm(Hb) |
||
| 650 |
_aEconomics _910850 |
||
| 650 |
_aEconomic Growth _91246 |
||
| 942 |
_2ddc _cEN _h338.4791 _mAGG |
||
| 999 |
_c124464 _d124464 |
||